| 000 | 01008pam a2200289 a 4500 | ||
|---|---|---|---|
| 999 |
_c28427 _d28398 |
||
| 001 | 013709100 | ||
| 003 | EG-ScBUE | ||
| 005 | 20200805101858.0 | ||
| 008 | 070330s2013 enka f b 001 0 eng d | ||
| 020 | _a9780750683500 (pbk.) | ||
| 020 | _a0750683503 (pbk.) | ||
| 040 |
_aStDuBDS _beng _erda _cStDuBDS _dUk _dEG-ScBUE |
||
| 082 | 0 | 4 |
_a658.8 _bHAS _222 |
| 100 | 1 |
_aHastings, Gerard _c(Professor) _eauthor. |
|
| 245 | 1 | 0 |
_aSocial marketing : _bwhy should the Devil have all the best tunes? / _cGerard Hastings. |
| 264 | 1 |
_aMilton Park, Abingdon, Oxon ; _aNew York, NY : _bRoutledge, Taylor and Francis Group, _c2013. |
|
| 300 |
_axvi, 367 pages : _billustrations ; _c25 cm |
||
| 336 |
_atext _2rdacontent _btxt |
||
| 337 |
_aunmediated _2rdamedia _bn |
||
| 338 |
_avolume _2rdacarrier _bnc |
||
| 500 |
_aFormerly CIP. _5Uk |
||
| 504 | _aIncludes bibliographical references and index. | ||
| 650 | 7 |
_aSocial marketing. _2BUEsh |
|
| 653 |
_bCOMAME _cJuly2020 |
||
| 655 |
_vReading book _934232 |
||
| 942 |
_2ddc _cBB |
||